000 00334 a2200133 4500
005 20250625155021.0
020 _a0-07-082600-5
082 _a513.93 ROS
100 _aROSENBERG R.R.
245 _aBusiness Mathematics
260 _aNew York,
_bMcGraw Hill,
_c1975
300 _a279p.;ill,;figure, table, picture
_c23cm
942 _2ddc
_cBKS
999 _c5126
_d5126